000 00784nam a2200217Ii 4500
003 JO-AjNU
008 230605s9999||||xx |||||||||||||| ||und||
017 _a2005/9570
020 _a977-350-115-9
040 _aJO-AjNU
_bara
_erda
_cJO-AjNU
041 _aara
050 1 4 _aBP173.754.D86 2006
100 3 _aدنيا، شوقي أحمد,
_eauthor
_956573
245 0 0 _aالمدخل الحديث الى علم الإقتصاد: منهجية ورؤية إسلامية في تناول المسائل الإقتصادية
264 3 1 _aالقاهرة: دار الكتاب الحديث، 2006
300 _a349ص
336 _atext
_btxt
_2rdacontent
337 _aunmediated
_bn
_2rdamedia
338 _avolume
_bnc
_2rdacarrier
650 4 _aالاسلام والاقتصاد
_956574
999 _aA25299
_c28867
_d28867